Les 200 joueurs les plus valorisés de la Coupe du Monde - Statistiques

Statistiques générales
  • Ce quiz a été pris 47 fois
  • Le résultat moyen est 46 sur 200
Statistiques - réponses
Nationalité Joueur Championnat % Correct
Norvégien Erling Braut-Haaland Premier League
100%
Espagnol Lamine Yamal LaLiga
98%
Français Kylian Mbappé LaLiga
95%
Brésilien Vinícius Júnior LaLiga
90%
Espagnol Pedri LaLiga
86%
Anglais Jude Bellingham LaLiga
86%
Français Michael Olise Bundesliga
86%
Uruguayen Federico Valverde LaLiga
79%
Anglais Phil Foden Premier League
76%
Français Ousmane Dembélé Ligue 1
74%
Français Désiré Doué Ligue 1
69%
Portugais Vitinha Ligue 1
69%
Anglais Bukayo Saka Premier League
67%
Portugais João Neves Ligue 1
67%
Portugais Nuno Mendes Ligue 1
67%
Allemand Florian Wirtz Premier League
64%
Anglais Harry Kane Bundesliga
64%
Français Hugo Ekitiké Premier League
64%
Français Dayot Upamecano Bundesliga
62%
Anglais Declan Rice Premier League
62%
Français Rayan Cherki Premier League
62%
Argentin Valentín Barco Ligue 1
62%
Équatorien Willian Pacho Ligue 1
62%
Marocain Achraf Hakimi Ligue 1
60%
Turc Arda Güler LaLiga
60%
Anglais Cole Palmer Premier League
60%
Français Ibrahima Konaté Premier League
60%
Équatorien Moisés Caicedo Premier League
60%
Marocain Brahim Díaz LaLiga
57%
Colombien Luis Díaz Bundesliga
57%
Argentin Julián Álvarez LaLiga
52%
Français Marcus Thuram Serie A
52%
Argentin Enzo Fernández Premier League
50%
Français Aurélien Tchouaméni LaLiga
48%
Français Eduardo Camavinga LaLiga
48%
Suédois Viktor Gyökeres Premier League
48%
Espagnol Rodri Premier League
45%
Français Theo Hernández Saudi Pro League
43%
Brésilien João Pedro Premier League
40%
Français Warren Zaïre-Emery Ligue 1
40%
Argentin Alexis MacAllister Premier League
38%
Allemand Kai Havertz Premier League
38%
Espagnol Pau Cubarsí LaLiga
38%
Espagnol Fermín López LaLiga
36%
Portugais Gonçalo Ramos Ligue 1
36%
Néerlandais Ryan Gravenberch Premier League
36%
Brésilien Endrick Ligue 1
33%
Espagnol Ferran Torres LaLiga
33%
Français Malo Gusto Premier League
33%
Portugais António Silva Liga Portugal
31%
Égyptien Omar Marmoush Premier League
31%
Ghanéen Antoine Semenyo Premier League
29%
Néerlandais Cody Gakpo Premier League
29%
Espagnol Dani Olmo LaLiga
29%
Belge Jérémy Doku Premier League
29%
Turc Kenan Yildiz Serie A
29%
Français Maghnes Akliouche Ligue 1
29%
Espagnol Marc Cucurella Premier League
29%
Espagnol Martín Zubimendi Premier League
29%
Français Maxence Lacroix Premier League
29%
Portugais Bruno Fernandes Premier League
26%
Brésilien Gabriel Martinelli Premier League
26%
Sénégalais Ismaïla Sarr Premier League
26%
Brésilien Marquinhos Ligue 1
26%
Sénégalais Pape Matar Sarr Premier League
26%
Anglais Anthony Gordon Premier League
24%
Espagnol Joan García LaLiga
24%
Allemand Joshua Kimmich Bundesliga
24%
Français Lucas Chevalier Ligue 1
24%
Portugais Mateus Fernandes Premier League
24%
Néerlandais Dean Huijsen LaLiga
21%
Anglais Marc Guéhi Premier League
21%
Brésilien Matheus Cunha Premier League
21%
Français Pierre Kalulu Serie A
21%
Néerlandais Xavi Simons Premier League
21%
Ouzbek Abdukodir Khusanov Premier League
19%
Etatsunien Christian Pulisic Serie A
19%
Argentin Cristian Romero Premier League
19%
Canadien Jonathan David Serie A
19%
Anglais Marcus Rashford Premier League
19%
Néerlandais Micky van de Ven Premier League
19%
Allemand Nick Woltemade Premier League
19%
Portugais Tomás Araújo Liga Portugal
19%
Etatsunien Folarin Balogun Ligue 1
17%
Portugais Matheus Nunes Premier League
17%
Argentin Nico Paz Serie A
17%
Espagnol Álex Baena LaLiga
14%
Ivoirien Amad Diallo Premier League
14%
Algérien Amine Gouiri Ligue 1
14%
Brésilien Andrey Santos Premier League
14%
Suédois Anthony Elanga Premier League
14%
Anglais Ben White Premier League
14%
Espagnol David Raya Premier League
14%
Portugais Diogo Dalot Premier League
14%
Argentin Franco Mastantuono LaLiga
14%
Algérien Ibrahim Maza Bundesliga
14%
Néerlandais Jeremie Frimpong Premier League
14%
Allemand Jonathan Tah Bundesliga
14%
Anglais Morgan Rogers Premier League
14%
Ivoirien Ousmane Diomande Liga Portugal
14%
Sénégalais Pape Gueye LaLiga
14%
Algérien Rayan Aït-Nouri Premier League
14%
Belge Amadou Onana Premier League
12%
Colombien Daniel Muñoz Premier League
12%
Anglais Elliot Anderson Premier League
12%
Portugais Francisco Conceição Serie A
12%
Suisse Gregor Kobel Bundesliga
12%
Anglais Harvey Barnes Premier League
12%
Brésilien Igor Thiago Premier League
12%
Coréen Kang-In Lee Ligue 1
12%
Algérien Mohamed Amoura Bundesliga
12%
Anglais Nico O'Reilly Premier League
12%
Portugais Pedro Neto Premier League
12%
Espagnol Pedro Porro Premier League
12%
Écossais Scott McTominay Serie A
12%
Belge Charles de Ketelaere Serie A
10%
Sénégalais El Hadji Malick Diouf Premier League
10%
Ivoirien Evan Ndicka Serie A
10%
Portugais Gonçalo Inácio Liga Portugal
10%
Sénégalais Ibrahim Mbaye Ligue 1
10%
Sénégalais Iliman Ndiaye Premier League
10%
Anglais Kobbie Mainoo Premier League
10%
Belge Loïs Openda Serie A
10%
Suédois Lucas Bergvall Premier League
10%
Norvégien Oscar Bobb Premier League
10%
Équatorien Piero Hincapié Premier League
10%
Néerlandais Tijjani Reijnders Premier League
10%
Belge Youri Tielemans Premier League
10%
Anglais Adam Wharton Premier League
7%
Ivoirien Bazoumana Touré Bundesliga
7%
Brésilien Bremer Serie A
7%
Anglais Dean Henderson Premier League
7%
Anglais Dominic Solanke Premier League
7%
Portugais Francisco Trincão Liga Portugal
7%
Argentin Giuliano Simeone LaLiga
7%
Sénégalais Habib Diarra Premier League
7%
Anglais Jarrod Bowen Premier League
7%
Néerlandais Jorrel Hato Premier League
7%
Norvégien Julian Ryerson Bundesliga
7%
Japonais Kaoru Mitoma Premier League
7%
Autrichien Konrad Laimer Bundesliga
7%
Sénégalais Lamine Camara Ligue 1
7%
Anglais Lewis Hall Premier League
7%
Colombien Luis Suárez Liga Portugal
7%
Sénégalais Nicolas Jackson Bundesliga
7%
Brésilien Rayan Premier League
7%
Espagnol Yérémy Pino Premier League
7%
Congolais Yoane Wissa Premier League
7%
Allemand Angelo Stiller Bundesliga
5%
Norvégien Antonio Nusa Bundesliga
5%
Turc Barış Alper Yılmaz Süper Lig (Turquie)
5%
Néerlandais Bart Verbruggen Premier League
5%
Marocain Bilal El Khannouss Bundesliga
5%
Espagnol Cristhian Mosquera Premier League
5%
Anglais Djed Spence Premier League
5%
Néerlandais Donyell Malen Serie A
5%
Suédois Hugo Larsson Bundesliga
5%
Équatorien Joel Ordóñez Pro League (Belgique)
5%
Norvégien Jørgen Strand Larsen Premier League
5%
Croate Josip Stanišić Bundesliga
5%
Allemand Lennart Karl Bundesliga
5%
Uruguayen Manuel Ugarte Premier League
5%
Congolais Noah Sadiki Premier League
5%
Anglais Noni Madueke Premier League
5%
Ivoirien Simon Adingra Premier League
5%
Etatsunien Weston McKennie Serie A
5%
Belge Zeno Debast Liga Portugal
5%
Sénégalais Assane Diao Serie A
2%
Marocain Chemsdine Talbi Premier League
2%
Ivoirien Evann Guessand Premier League
2%
Argentin Exequiel Palacios Bundesliga
2%
Anglais Ezri Konsa Premier League
2%
Turc Ferdi Kadıoğlu Premier League
2%
Marocain Ismael Saibari Eredivisie (Pays-Bas)
2%
Anglais James Garner Premier League
2%
Colombien Jhon Lucumí Serie A
2%
Allemand Kevin Schade Premier League
2%
Croate Luka Vušković Bundesliga
2%
Allemand Malick Thiaw Premier League
2%
Argentin Máximo Perrone Serie A
2%
Belge Nathan De Cat Pro League (Belgique)
2%
Allemand Nathaniel Brown Bundesliga
2%
Portugais Pedro Gonçalves Liga Portugal
2%
Norvégien Sander Berge Premier League
2%
Belge Senne Lammens Premier League
2%
Anglais Tino Livramento Premier League
2%
Brésilien Vitor Reis LaLiga
2%
Suédois Yasin Ayari Premier League
2%
Marocain Abde Ezzalzouli LaLiga
0%
Etatsunien Antonee Robinson Premier League
0%
Suisse Ardon Jashari Serie A
0%
Autrichien Christoph Baumgartner Bundesliga
0%
Suisse Dan Ndoye Premier League
0%
Suisse Denis Zakaria Ligue 1
0%
Néerlandais Jan Paul van Hecke Premier League
0%
Suisse Johan Manzambi Bundesliga
0%
Japonais Kaishu Sano Bundesliga
0%
Etatsunien Malik Tillman Bundesliga
0%
Allemand Nico Schlotterberck Bundesliga
0%
Croate Petar Sučić Serie A
0%
Aucun quiz correspondant
Distribution des résultats
% des personnes avec chaque résultat
Percentile par nombre de réponses
Votre historique - résultats
Vous n’avez pas pris ce quiz